| 000 | 00409nam a2200109Ia 4500 | ||
|---|---|---|---|
| 008 | 170221s9999 xx 000 0 und d | ||
| 100 | _aRoss Taplin | ||
| 245 | 4 | _aThe Use of Fair Value and Historical Cost Accounting for Investment Properties in China | |
| 245 | _cRoss Taplin, Wei Yuan, and Alistair Brown | ||
| 650 | _xBusiness | ||
| 856 | _uhttp://ro.uow.edu.au/cgi/viewcontent.cgi?article=1468&context=aabfj | ||
| 999 |
_c307956 _d307956 |
||